000 00694nam a2200217Ia 4500
001 9565
003 GE_BSU
008 181216s||||||||xx |||||||||||||| ||und||
040 _cGE_BSU
245 _aПсихологический журнал. Том 35, №2. 2014.Март- Апрель
245 _bМатр-апрель
245 _cгл. ред.РАН А.Л.Журавлев и др.
260 _aМосква
260 _bНаука
260 _c2014
300 _a144стр.28см.
653 _aПериодика
653 _aПсихологический журнал. Том 35, №2. 2014.Март- Апрель
653 _aპერიოდიკა
942 _cCR
999 _c42857
_d42857